Applied numerical analysis using MATLAB /

Enregistré dans:
Détails bibliographiques
Auteur principal: Fausett, Laurene V.
Format: Livre
Langue:English
Publié: Upper Saddle River, NJ : Prentice Hall, 1999.
Sujets:
Tags: Ajouter un tag
Pas de tags, Soyez le premier à ajouter un tag!
Thư viện lưu trữ: Mạng thư viện Đại học Đà Nẵng
LEADER 00879cam a2200337 i 4500
001 000046041
003 5308
005 20030214145837.0
008 010220|1999 vm 000 eng
020 |a 0133198499 
040 |a IRC  |c IRC  |d IRC 
041 0 |a eng 
082 1 4 |a 519.40285  |b FA-L 
100 1 |a Fausett, Laurene V. 
245 0 0 |a Applied numerical analysis using MATLAB /  |c Laurene V. Fausett. 
260 |a Upper Saddle River, NJ :  |b Prentice Hall,  |c 1999. 
300 |a xii, 596p. :  |b col. ill. 
630 0 4 |a Matlab. 
630 0 4 |a Numerical analysis. 
650 0 4 |a Numerical analysis  |x Data processing. 
650 0 4 |a MATLAB. 
OWN |a DUT 
999 |a From the UDN01 
TYP |a Monograph 
TYP |a Printed language 
980 |a Mạng thư viện Đại học Đà Nẵng